The gentle art of making enemies

-д хадгалсан:
Номзүйн дэлгэрэнгүй
Үндсэн зохиолч: Whistler, James Abbott Mc Neill (Зохиогч)
Формат: Ном
Хэл сонгох:англи
Хэвлэсэн: Nueva York Dover Publications 1967
Нөхцлүүд:
Шошгууд: Шошго нэмэх
Шошго байхгүй, Энэхүү баримтыг шошголох эхний хүн болох!

MARC

LEADER 00000nam a2200000 a 4500
001 UCV9649
003 CL-VaPUC
008 930108e19670000US |||||||||||||||||eng|d
082 0 4 |a 928  |b WHI  |2 21 
100 0 |a Whistler, James Abbott Mc Neill  |e author  |9 303664 
245 1 4 |a The gentle art of making enemies 
300 |a 340 p 
942 |c BK 
945 |d 19930108 00:00:00 
260 |a Nueva York  |b Dover Publications  |c 1967 
650 0 |a Impresionismo (Arte)  |9 266135 
650 7 |a PINTORES SIGLO 19  |2 CL-VaPUC  |9 268351 
583 |a last modification  |c 19930108 00:00:00  |k Rodrigo Vera 
999 |c 214952  |d 214950 
952 |0 0  |1 0  |4 0  |6 928_000000000000000_WHI_1967  |7 0  |8 P  |9 198810  |a BIBARQ  |b BIBARQ  |d 2019-11-14  |i 2662000  |l 1  |o 928 WHI 1967  |p 2662000  |r 2025-01-20  |s 2022-08-25  |w 2019-11-14  |y BK  |k ARQ 
952 |0 0  |1 0  |4 0  |6 928_000000000000000_WHI_1967  |7 0  |8 A  |9 198811  |a BIBART  |b BIBART  |d 2019-11-14  |i 1204327  |o 928 WHI 1967  |p 1204327  |r 2025-03-13  |w 2019-11-14  |y BK  |k ART